000 00467nam a2200181Ia 4500
001 17802
005 20260306171544.0
008 260306s9999||||xx |||||||||||||| ||und||
041 _aESP
082 _a658.202
_bM86 2016
100 _aMora Gutiérrez, Luis Alberto
_eAUT
245 0 _aMantenimiento:
_bplaneación, ejecución y control
260 _c2016
300 _axx, 504 páginas :
_c24 cm.
650 _aGEN
654 _aCAN
942 _cLIB
_dJUS
_fJUS
_2ddc
_n
999 _c17802
_d17802